000 00907nam a2200337Ia 4500
001 20219
005 20240114000507.0
007 ta
008 060220s1952 a g b000 u 465 u
040 _aCotton College,Assam
041 _a465
082 _a330.1
_bD 314 In
100 _aDewett, Kewal Krishna .
245 0 _aIntroductory Economics /
_cKewal Krishna Dewett Gurucharan Singh & J. D. Verma.
_hTextual Documents
250 _a3rd ed. /
260 _aDelhi :
_bPremier Publishing Co. ,
_c1952.
300 _a344p. :
_bill ;
_c21cm .
362 _aPart II-
653 _aEconomics
653 _aG-Economics
653 _aT/G-Economics
700 _aSingh, Gurucharan .
700 _aVerma, J. D. .
700 _aVerma, Jai Dev .
700 _aSingh, Gurucharan .
942 _2ddc
_cBK
999 _c20201
_d20201